| 000 | 00351 a2200133 4500 | ||
|---|---|---|---|
| 005 | 20250625104350.0 | ||
| 020 | _a978-0-07-148280-6 | ||
| 082 | _a621.382 FIT | ||
| 100 | _aFITZ, P. M | ||
| 245 | _aFundamentals of Communication System | ||
| 260 |
_aNew York _bMcGraw Hill _c2007. |
||
| 300 |
_axxxii, 645p.: Ill.; figures _bIndex _c24cm |
||
| 942 |
_2ddc _cBKS |
||
| 999 |
_c5012 _d5012 |
||